MDQL
is popping MORE tags! Check the
thread
!
Quizzes
Events
Quiz Creation
Community
Videos
Private Events
Remove Ads
Sign In
Join for FREE
Feedback
Dark Mode
Quiz Categories
Sports
Geography
Music
Movies
Television
Just For Fun
Miscellaneous
History
Literature
Language
Science
Gaming
Entertainment
Religion
Holiday
For Kids
Quiz Lab
Recent
Popular Today
Quiz Kudos Today
Editor Picks
Curator Picks
Quizzes by...
Day
Popularity
Type
Ratings
Length
Year
Community
Subscriptions
Recent Discussions
Orange Saloon
Badges
Playlists
Quests
Create
Leaderboards
Showdown
Live 5
Trivia Bingo
Activity
Puzzle Library
Sporcle Events
Private Events
Virtual Trivia
Globe League
Become a Host
Pub Owners
SporcleCon
Opinionation
Our Games
Videos
Blog
Mobile Apps
Partnerships
Remove Ads and Go Orange
Feedback
Music
Pop Music
The Beatles
Song
Album
Lyrics
Bands
Singers
Artist
Clip
Rock
Rap
Classical
Billboard
Country Music
Kpop
Taylor Swift
Music
Pop Music
The Beatles
Song
Album
Lyrics
Bands
Singers
Artist
Clip
Rock
Rap
Classical
Billboard
Country Music
Kpop
Taylor Swift
Random Quiz
Search Sporcle
×
Quiz Lab
Quiz Lab
Music
breathe
Type in answers that appear in a list
Type in answers that appear in a list
Classic
Best Score? Go Orange.
Anna Nalick - Breathe Lyrics Stats
Can you name the Anna Nalick - Breathe Lyrics?
By
ashleyswims22
10m
297 Questions
437 Plays
437 Plays
437 Plays
Comments
Comments
Give Quiz Kudos
Give Quiz Kudos
-
- Ratings
hide this ad
Replay
Link that replays current quiz
Next Quiz
Link to next quiz in quiz playlist
You Got
0%
They Got
Avg Score
86%
Avg Friend Score
Upgrade to see
Score Distribution
Jump to the score distribution portion of the page
Score
0/297
Timer
10:00
0
Plays Today
Answer
% Correct
and
99.3%
the
99.3%
the
99.3%
the
99.3%
a
99.3%
And
99.3%
the
99.3%
the
99.3%
And
99.3%
the
99.3%
a
99.3%
the
99.3%
a
99.3%
the
99.3%
the
99.3%
a
99.3%
And
99.3%
a
99.3%
the
99.3%
a
99.3%
And
99.3%
and
99.3%
a
99.3%
the
99.3%
And
99.3%
the
99.3%
And
99.3%
2
98.6%
I
98.6%
2
98.6%
I
98.6%
I
98.6%
I
98.6%
AM
97.9%
AM
97.9%
he
97.2%
he
97.2%
me
97%
you
97%
me
97%
you
97%
you
97%
you
97%
You
97%
me
97%
you
97%
just
96.8%
an
96.8%
just
96.8%
just
96.8%
Just
96.8%
just
96.8%
an
96.8%
An
96.8%
just
96.8%
just
96.8%
just
96.8%
just
96.8%
I'm
96.6%
Can
96.6%
can
96.6%
can
96.6%
can
96.6%
I'm
96.6%
I'm
96.6%
awake
95.9%
my
95.9%
my
95.9%
my
95.9%
awake
95.9%
my
95.9%
still
95.6%
breathe
95.4%
breathe
95.4%
breathe
95.4%
breathe
95.4%
breathe
95.4%
breathe
95.4%
breathe
95.4%
breathe
95.4%
still
95.4%
so
95.2%
to
95.2%
to
95.2%
So
95.2%
to
95.2%
so
95.2%
to
95.2%
So
95.2%
to
95.2%
to
95.2%
don't
94.9%
love
94.9%
him
94.9%
him
94.9%
she
94.5%
help
94.3%
on
94.3%
on
94.3%
Answer
% Correct
on
94.3%
on
94.3%
season
94%
Like
94%
like
94%
like
94%
like
94%
like
94%
like
94%
calls
93.8%
wasn't
93.8%
in
93.8%
in
93.8%
in
93.8%
in
93.8%
in
93.8%
in
93.8%
cause
93.6%
mistake
93.6%
Cause
93.6%
Cause
93.6%
cause
93.6%
Cause
93.6%
Winter
93.3%
your
92.2%
your
92.2%
your
92.2%
your
92.2%
unravel
92%
we
92%
latest
91.7%
table
91.7%
But
91.7%
table
91.7%
hourglass
91.5%
hourglass
91.5%
for
91.3%
glued
91.3%
of
91.3%
of
91.3%
for
91.3%
glued
91.3%
of
91.3%
be
91.3%
of
91.3%
of
91.3%
No
91%
No
91%
no
91%
life
91%
can't
90.8%
cable
90.8%
can't
90.8%
cable
90.8%
cars
90.3%
cars
90.3%
all
89.9%
all
89.9%
head
89.9%
Oh
89.9%
head
89.9%
Oh
89.9%
all
89.9%
hands
89.4%
hands
89.4%
it
89.2%
it
89.2%
it
89.2%
life's
88.7%
life's
88.7%
one
88.3%
one
88.3%
track
87.8%
track
87.8%
boy
86.7%
it's
86.4%
it's
86.4%
they
86%
we're
86%
we're
86%
at
85.7%
at
85.7%
rewind
85.5%
button
85.5%
May
85.5%
rewind
85.5%
button
85.5%
jump
85.3%
jump
85.3%
been
85.1%
been
85.1%
cradle
84.6%
cradle
84.6%
maybe
84.4%
Maybe
84.4%
have
84.1%
here
84.1%
Here
84.1%
their
83.9%
Answer
% Correct
find
83.4%
last
83.4%
find
83.4%
You're
83.2%
when
83.2%
you're
83.2%
eyes
83%
same
83%
reason
82.8%
down
82.8%
down
82.8%
down
82.8%
very
82.5%
walk
82.1%
since
82.1%
year
81.8%
October
81.6%
beautiful
81.6%
sober
80.9%
smiles
80.9%
any
80.2%
girl
80%
God
80%
21
79.8%
while
79.8%
right
79.5%
his
79.5%
through
79.1%
he's
79.1%
out
79.1%
out
79.1%
I'll
78.4%
criticize
77.2%
accusing
77%
about
77%
Yeah
76.1%
you'll
75.4%
you'll
75.4%
you'll
75.4%
these
74.9%
If
74.9%
these
74.9%
sing
74.3%
hold
74%
Fort
73.8%
doors
73.3%
flask
73.3%
Ain't
73.3%
want
73.3%
as
73.1%
as
73.1%
fist
72.9%
base
72.4%
them
72.4%
them
72.4%
song
72%
inside
72%
feel
72%
turned
71.7%
tell
71.7%
writing
71.7%
Bliss
71.5%
day
70.8%
that
70.6%
get
70.3%
belongs
70.3%
words
70.3%
are
70.1%
know
70.1%
longer
69.9%
diary
69.4%
Wanna
69%
paper
69%
crowd
68.5%
Hypocrites
68%
loud
67.4%
Threatening
66.4%
ever
66.2%
front
65.7%
however
65.7%
naked
64.6%
screaming
64.6%
use
64.6%
far
63.9%
this
62.8%
There's
61.8%
end
61.4%
mistakes
61.4%
again
61.4%
make
60.7%
light
60%
tunnel
60%
town
59.5%
made
57.7%
you've
57.2%
boys
57%
each
56.1%
shout
53.3%
said
44.1%
Quiz Playlist
Details
Report
Send in Message
Add To Playlist
Classic:
Type in answers that appear in a list
Last Updated: Aug 20, 2017
Quiz Scoreboard
CHALLENGE
Sign Up to Join the Scoreboard
Show All
Scores
Hide
Comments
May contain spoilers
Recently Published
1-10 Letter E Words III
by El_Dandy
Language
2m
Street Fighter Characters
by Artimus82
Gaming
60s
College Basketball Coaching Resumes
by pancakes188
Sports
9m
More to Explore
Quiz From the Vault
Featured Blog Post
Where Did the Easter Bunny Come From?
hide this ad
You Might Also Like...
Tags
anna
breathe
Today's Top Quizzes in Music
Browse Music
hide this ad
Top Contributed Quizzes in Music
1
Taylor Swift All Songs (2024)
2
Taylor Swift Logic Puzzle
3
Guess the Artist- 70s Songs
4
7-to-1: Billboard Hot 100 #1 Hits of 2010s
5
Sorting Albums and Songs
6
KPOP LOGIC QUIZ
7
Billboard Blitz: Aretha Franklin
8
Guess the Taylor Swift song (Mystery Song)
9
Guess The Taylor Swift Lyrics Song #1
10
Billboard Blitz: ABBA
Explore More
Trending Topics
Disney
NBA
Kpop
Anime
Crossword
Marvel
Harry Potter
Country
Pokémon
WWE
NFL
Soccer
The Office
Song
Puzzle
hide this ad
More By:
ashleyswims22
Quiz
Plays
Rating
Category
Featured
Created
Bright Eyes- First Day of My Life Lyrics
551
5.00
Music
Oct 6, 2016
Anna Nalick - Breathe Lyrics
437
4.86
Music
Oct 4, 2016
Ultimate Futurama Trivia Quiz
360
2.00
Television
Oct 8, 2016
Paramore- Fences Lyrics
221
Music
Aug 8, 2016
Oats in the Water Lyrics
38
Music
Oct 2, 2016
Go to Creator's Profile
Score Distribution
Quiz Creator Spotlight
ashleyswims22
Follow
Send a Message
Quizzes Created
-
Created Quiz Play Count
-
More By This Creator
Popular Quizzes Today
1
Find the US States - No Outlines Minefield
2
Find the Countries of Europe - No Outlines Minefield
3
The Countries of the World
4
Find the US States
5
Risky Map Clicking: Biggest States A-Z
6
US States
7
Popular People in 1961
8
Movies - When Are They Set?
More Music Quizzes
Kpop Fandom names from Description
Quiz Lab
Trending Quizzes
Risky Map Clicking: Least Populous States A-Z
USA Borders Longest to Shortest
1-10 Letter G Words
1-10 Letter F Words
Countries of the World: 200 Million BC
Recently Updated
Beyoncé Albums
pecheneg
Leaping Animals
pecheneg
Reality TV Shows (A-Z)
bhenderson79
Rickey Henderson's Hall of Fame Teammates
pecheneg
Champions League XIs: Arsenal
pecheneg
Quick Pick: Celebrities in WWE's Hall of Fame
aduchscher
A-Z Keypad Blitz II
pecheneg
Multiple Oscar Actors
pecheneg
Mystery Phrase Blitz: Oscar 'Best Actors'
pecheneg
F. Scott Fitzgerald Novels
LTH
Trending Topics
Harry Potter
Kpop
Crossword
Marvel
Disney
NBA
Anime
Pokémon
Soccer
Country
NFL
Puzzle
WWE
The Office
Song
Your Account Isn't Verified!
In order to create a playlist on Sporcle, you need to verify the email address you used during registration. Go to your
Sporcle Settings
to finish the process.
Report this User
Report this user for behavior that violates our
Community Guidelines
.
Details:
Send Report
Go to the Sporcle.com Mobile Site →
Comments